Through the looking-glass and what Alice found there/ (Record no. 11064)

MARC details
000 -LEADER
fixed length control field 00576nam a22002177a 4500
005 - DATE AND TIME OF LATEST TRANSACTION
control field 20201019154139.0
008 - FIXED-LENGTH DATA ELEMENTS--GENERAL INFORMATION
fixed length control field 201019b ||||| |||| 00| 0 eng d
020 ## - INTERNATIONAL STANDARD BOOK NUMBER
International Standard Book Number 9788186423516
040 ## - CATALOGING SOURCE
Transcribing agency CLNC
041 ## - LANGUAGE CODE
Language code of sung or spoken text English
082 ## - DEWEY DECIMAL CLASSIFICATION NUMBER
Classification number 823.8
Item number CAR
100 ## - MAIN ENTRY--PERSONAL NAME
Personal name Carroll, Lewis
Relator term Author
245 ## - TITLE STATEMENT
Title Through the looking-glass and what Alice found there/
Statement of responsibility, etc. by Lewis Carroll
260 ## - PUBLICATION, DISTRIBUTION, ETC.
Place of publication, distribution, etc. Delhi:
Name of publisher, distributor, etc. Worldview,
Date of publication, distribution, etc. 2018
300 ## - PHYSICAL DESCRIPTION
Extent xxix, 188p.
650 ## - SUBJECT ADDED ENTRY--TOPICAL TERM
Topical term or geographic name entry element English novel
650 ## - SUBJECT ADDED ENTRY--TOPICAL TERM
Topical term or geographic name entry element Alice
650 ## - SUBJECT ADDED ENTRY--TOPICAL TERM
Topical term or geographic name entry element Fantasy fiction
700 ## - ADDED ENTRY--PERSONAL NAME
Personal name Bose, Brinda
Relator term Editor
942 ## - ADDED ENTRY ELEMENTS (KOHA)
Source of classification or shelving scheme Dewey Decimal Classification
Koha item type Books
Holdings
Withdrawn status Lost status Source of classification or shelving scheme Damaged status Not for loan Home library Current library Shelving location Date acquired Cost, normal purchase price Total Checkouts Full call number Barcode Date last seen Date last checked out Copy number Price effective from Koha item type Collection code
    Dewey Decimal Classification     Central Library, Naharkatiya College Central Library, Naharkatiya College General Stacks 19/10/2020 180.00 6 823.8 CAR 28395 30/06/2023 19/06/2023 1 19/10/2020 Books  
    Dewey Decimal Classification     Central Library, Naharkatiya College Central Library, Naharkatiya College General Stacks 19/10/2020 180.00 5 823.8 CAR 28396 17/08/2022 13/08/2022 2 19/10/2020 Books  
    Dewey Decimal Classification     Central Library, Naharkatiya College Central Library, Naharkatiya College General Stacks 19/10/2020 180.00 6 823.8 CAR 28397 21/09/2022 21/09/2022 3 19/10/2020 Books  
    Dewey Decimal Classification     Central Library, Naharkatiya College Central Library, Naharkatiya College General Stacks 23/09/2023 195.00   823.8 CAR 29515 23/09/2023   4 23/09/2023 Books English
    Dewey Decimal Classification     Central Library, Naharkatiya College Central Library, Naharkatiya College General Stacks 23/09/2023 195.00   823.8 CAR 29516 23/09/2023   5 23/09/2023 Books English

Naharkatiya College © 2020. All rights reserved.

Powered By